| 000 | 00521nam a2200217Ia 4500 | ||
|---|---|---|---|
| 003 | 0100 | ||
| 008 | 130307s9999 xx 000 0 und d | ||
| 040 | _cARRUPELIB | ||
| 050 | _aCB359.L8 1960 | ||
| 100 | _aLucas, Henry S | ||
| 245 | 4 | _aThe Renaissance and The Reformation | |
| 250 | _a2nd.ed. | ||
| 260 | _aNew York | ||
| 260 | _bHarper and Brothers | ||
| 260 | _c1960 | ||
| 300 | _a757p. | ||
| 300 | _b23cm | ||
| 650 | _bSpiritual life - Catholic Church | ||
| 650 | _cVocation, Ecclesiastical | ||
| 942 | 0 | 0 | _01 |
| 999 |
_c99153 _d99153 |
||